Ηρακλής

Αποθηκεύτηκε σε:
Λεπτομέρειες βιβλιογραφικής εγγραφής
Κύριος συγγραφέας: Ψαραύτη, Λίτσα, 1936-
Άλλοι συγγραφείς: Μενδρινού, Άννα
Μορφή: Βιβλίο
Γλώσσα:Greek
Δημοσίευση: Αθήνα : Άγκυρα, 1990.
Σειρά:Ελληνική μυθολογία
Θέματα:
Ετικέτες: Προσθήκη ετικέτας
Δεν υπάρχουν, Καταχωρήστε ετικέτα πρώτοι!

MARC

LEADER 00000cam a2200000 i 4500
001 1/24652
008 011129s1990 gr | ||| |||| ||gre||
020 |a 9602340207 
035 |l 10067914 
040 |a GR-MyUA  |b gre  |e AACR2 
041 0 |a gre 
082 0 |a 808.0683 
100 1 |a Ψαραύτη, Λίτσα,   |d 1936- 
245 1 0 |a Ηρακλής /   |c Λίτσα Ψαραύτη ; εικονογράφηση Άννα Μενδρινού.  
260 |a Αθήνα :   |b Άγκυρα,   |c 1990.  
300 |a 60 σ. :   |b εικ. ;   |c 30 εκ.  
490 1 |a (Ελληνική μυθολογία)  
650 0 0 |a Young adult fiction. 
650 0 0 |a Mythology, Greek. 
700 1 |a Μενδρινού, Άννα. 
830 0 |a Ελληνική μυθολογία 
852 |a INST  |b SAMOS  |e 20011129  |h 808.0683 ΨΑΡ  |p 005300020341  |q 005300020341  |t BK  |y 0 
901 |a BIBL3-2002-1 
909 |a Σ  |b 087261 
922 |a 3ΕΛΗ  |b 200111  |c ΒΙΒΛΙΟΘΗΚΗ  |d ΚΑΡΑΣΤΑΘΗΣ 
970 |a ΜΑΛΑΓΑΡΗ  |b ΦΩΤΕΙΝΗ  |z 2002/01/18